Normal view MARC view

Entry Personal Name

Number of records used in: 13

001 - CONTROL NUMBER

  • control field: 874

003 - CONTROL NUMBER IDENTIFIER

  • control field: DLC

005 - DATE AND TIME OF LATEST TRANSACTION

  • control field: 20191228102106.0

008 - FIXED-LENGTH DATA ELEMENTS

  • fixed length control field: 900711n| acannaabn |a aaa

010 ## - LIBRARY OF CONGRESS CONTROL NUMBER

  • LC control number: n 90668026

035 ## - SYSTEM CONTROL NUMBER

  • System control number: (OCoLC)oca02778009

040 ## - CATALOGING SOURCE

  • Original cataloging agency: DLC
  • Transcribing agency: DLC
  • Modifying agency: ICRL

100 1# - HEADING--PERSONAL NAME

  • Personal name: Venugopalan, K.

400 1# - SEE FROM TRACING--PERSONAL NAME

  • Personal name: Venugopalam, K.

670 ## - SOURCE DATA FOUND

  • Source citation: nuc90-44751: Author's A primer in Grantha characters, c1983
  • Information found: (hdg. on CaBVaU rept.: Venugopalam, K.; usage: K. Venugopalam) book t.p. (K. Venugopalan (name corrected from Venugopalam to Venugopalan)

670 ## - SOURCE DATA FOUND

  • Source citation: Correspondence with publisher
  • Information found: (typographical error on some copies of A primer in Grantha characters shows "Venugopalam" instead of "Venugopalan.")

Powered by Koha